000 00498nam a22001577a 4500
999 _c40624
_d40624
003 OSt
005 20210122142143.0
008 191016b ||||| |||| 00| 0 eng d
020 _a9789387444218
040 _coclc
082 _a910
_bKHU/O
100 _aKhullar, D R
_98378
245 _aObjective Indian and World Geography For Civil Services Preliminary Examination /
_cD R Khullar
260 _aNew Delhi:
_bCL Media,
_c2018.
942 _2ddc
_cREF
_h910
_iKHU/O
_k910
_mKHU/O